000
00201 a2200097 4500
001
48596
100
_a
Chant, C
245
_a
War planes
260
_a
London
_b
Michael Jaseph
_c
090
_c
31523
_d
31523
942
_a
NUST-CAE
_c
M
_c
23918
999
_c
283669
_d
283669